| 000 | 00530nam a2200217 454500 | ||
|---|---|---|---|
| 001 | 033784 | ||
| 003 | BD-ChCU | ||
| 008 | Eng | ||
| 020 | _ax | ||
| 040 |
_aDLC _cDLC _dBD-ChCU |
||
| 082 | 0 | 0 | _a181.4/A527 |
| 100 | 1 |
_ax _bx |
|
| 245 | 1 | 0 |
_aAmrtadhara : Professoe R. N. Dandekar felicitation Volume _bx |
| 250 | _ax | ||
| 260 |
_aDelhe _bAjanta Pub., _c1984 |
||
| 300 | _axviii,511 | ||
| 504 | _ax | ||
| 650 | 0 |
_aPhilosophy, Indian _bSanskrit literature - collected works |
|
| 700 | 1 | _aJoshi, S.D. | |
| 942 |
_2ddc _cBK |
||
| 999 |
_c33784 _d33784 |
||